[Event "SVK-ch U14"]
[Site "Tatralandia"]
[Date "2024.04.08"]
[Round "5"]
[White "Cerny, Patrik1"]
[Black "Kollarik, Filip"]
[Result "1/2-1/2"]
[WhiteElo "1613"]
[BlackElo "1000"]
[PlyCount "58"]
[EventDate "2024.04.05"]
[EventType "swiss"]
[EventRounds "9"]
[EventCountry "SVK"]
[SourceTitle "CBM 219 Extra"]
[Source "ChessBase"]
[SourceDate "2024.05.31"]
[SourceVersion "1"]
[SourceVersionDate "2024.05.31"]
[SourceQuality "1"]

1. e4 c6 2. d4 d5 3. exd5 cxd5 4. Bd3 Nc6 5. c3 Nf6 6. Bf4 h6 7. Nf3 Bg4 8. Nbd2 e6 9. Qb3 Bd6 10. Qxb7 0-0 11. Bxd6 Qxd6 12. Bb5 Rfc8 13. Bxc6 Qxc6 14. Qxc6 Rxc6 15. Ne5 Rb6 16. Nxg4 Nxg4 17. Nb3 a5 18. h3 Nf6 19. 0-0-0 a4 20. Nc5 a3 21. Rd2 axb2+ 22. Rxb2 Rxb2 23. Kxb2 g5 24. g4 Kf8 25. a4 Ke7 26. Ra1 Kd6 27. a5 Nd7 28. Nd3 Nb8 29. Ne5 Ke7 1/2-1/2

[Event "SVK-ch U14"]
[Site "Tatralandia"]
[Date "2024.04.06"]
[Round "2"]
[White "Simko, Stefan2"]
[Black "Kollarik, Filip"]
[Result "0-1"]
[WhiteElo "1280"]
[BlackElo "1000"]
[PlyCount "124"]
[EventDate "2024.04.05"]
[EventType "swiss"]
[EventRounds "9"]
[EventCountry "SVK"]
[SourceTitle "CBM 219 Extra"]
[Source "ChessBase"]
[SourceDate "2024.05.31"]
[SourceVersion "1"]
[SourceVersionDate "2024.05.31"]
[SourceQuality "1"]

1. e4 c6 2. d4 d5 3. exd5 cxd5 4. Nf3 Bg4 5. Bb5+ Nc6 6. Bf4 e6 7. h3 Bxf3 8. Qxf3 Bd6 9. Nc3 Nf6 10. 0-0 0-0 11. Bxc6 bxc6 12. Bg5 Be7 13. Rac1 h6 14. Bh4 Qb6 15. Qd3 Qxb2 16. Rb1 Qa3 17. Bxf6 Bxf6 18. Rb3 Qd6 19. Rfb1 a5 20. Ne2 Rfb8 21. Rb7 Rxb7 22. Rxb7 Rb8 23. Rxb8+ Qxb8 24. c4 Qb2 25. cxd5 cxd5 26. a3 e5 27. dxe5 Bxe5 28. Ng3 Bxg3 29. Qxg3 d4 30. Qd3 Qc3 31. Qg3 d3 32. Qe3 Qc2 33. Qe8+ Kh7 34. Qe4+ g6 35. Kh2 Qc7+ 36. f4 Qd6 37. Qe1 d2 38. Qd1 Qxf4+ 39. Kg1 Qe3+ 40. Kf1 f5 41. Qe2 Qc3 42. Qe7+ Qg7 43. Qxg7+ Kxg7 44. Ke2 g5 45. Kxd2 g4 46. hxg4 fxg4 47. Ke3 Kf6 48. Kf4 h5 49. a4 Kg6 50. g3 Kf6 51. Ke3 Kf5 52. Kd3 Kg5 53. Kc4 h4 54. gxh4+ Kxh4 55. Kb5 g3 56. Kxa5 g2 57. Kb6 g1Q+ 58. Kb5 Qa7 59. a5 Kg5 60. a6 Kf6 61. Ka5 Qc5+ 62. Ka4 Qb6 0-1